LEADER 00913nam0 2200241 450 001 000022933 005 20090213101215.0 100 $a20090213d1988----km-y0itay50------ba 101 0 $aita 102 $aIT 105 $ay-------001yy 200 1 $a<>economia italiana nel 1989$erelazione previsionale e programmatica$fMinistero del bilancio e della programmazione economica 210 $aRoma$cIstituto Poligrafico e Zecca dello Stato$d1988 215 $aXX, 149 p.$d24 cm 500 10$a<>economia italiana nel 1989$945745 610 1 $aItalia$aPolitica economica$a1984-1988 676 $a339.50945$v19$9Politica macroeconomica. Italia 710 02$aItalia :$bMinistero del bilancio e della programmazione economica$0423419 801 0$aIT$bUNIPARTHENOPE$c20090213$gRICA$2UNIMARC 912 $a000022933 951 $a126/121$b6446$cNAVA2 996 $aEconomia italiana nel 1989$945745 997 $aUNIPARTHENOPE LEADER 01044nas 2200385 c 450 001 9910891745403321 005 20260218110452.0 035 $a(DE-599)ZDB3063333-3 035 $a(OCoLC)1249946168 035 $a(DE-101)1232979791 035 $a(CKB)4910000000549487 035 $a(DE-599)3063333-3 035 $a(EXLCZ)994910000000549487 100 $a20210506b19731999 |y | 101 0 $ager 135 $aur||||||||||| 181 $ctxt$2rdacontent 182 $cc$2rdamedia 183 $acr$2rdacarrier 200 10$aJahresheft$fGeschichts- und Heimatverein Villingen 210 31$aVillingen$cGeschichts- und Heimatverein Villingen$d1973-1999 210 32$aKarlsruhe$cBadische Landesbibliothek 215 $aOnline-Ressource 300 $aGesehen am 06.05.2021 608 $aZeitschrift$2gnd-content 676 $a914.3 676 $a943 676 $a360 801 0$b0031 801 1$bDE-101 801 2$b9001 906 $aJOURNAL 912 $a9910891745403321 996 $aJahresheft$94254843 997 $aUNINA